<?xml version="1.0" encoding="UTF-8"?>
<record
    xmlns:xsi="http://www.w3.org/2001/XMLSchema-instance"
    xsi:schemaLocation="http://www.loc.gov/MARC21/slim http://www.loc.gov/standards/marcxml/schema/MARC21slim.xsd"
    xmlns="http://www.loc.gov/MARC21/slim">

  <leader>00427nam a22001337a 4500</leader>
  <controlfield tag="005">20161207115851.0</controlfield>
  <controlfield tag="008">161205b        xxu||||| |||| 00| 0 eng d</controlfield>
  <datafield tag="040" ind1=" " ind2=" ">
    <subfield code="c">PK-LaUMT</subfield>
  </datafield>
  <datafield tag="082" ind1=" " ind2=" ">
    <subfield code="a">MMC 909.83</subfield>
    <subfield code="b">INQ-</subfield>
  </datafield>
  <datafield tag="245" ind1=" " ind2=" ">
    <subfield code="a">Inqlab ka mustaqbil :  &#x627;&#x646;&#x642;&#x644;&#x627;&#x628;&#x627;&#x62A; &#x6A9;&#x627; &#x645;&#x633;&#x62A;&#x642;&#x628;&#x644; /</subfield>
    <subfield code="c">&#x627;&#x6CC;&#x688;&#x6CC;&#x679;&#x631; &#x62C;&#x627;&#x646; &#x641;&#x648;&#x631;&#x627;&#x646; &#x645;&#x62A;&#x631;&#x62C;&#x645; &#x638;&#x641;&#x631; &#x639;&#x644;&#x6CC; &#x62E;&#x627;&#x646;</subfield>
  </datafield>
  <datafield tag="260" ind1=" " ind2=" ">
    <subfield code="a">&#x644;&#x627;&#x6BE;&#x648;&#x631;:</subfield>
    <subfield code="b">&#x62A;&#x62E;&#x644;&#x6CC;&#x642;&#x627;&#x62A;</subfield>
    <subfield code="c">2010</subfield>
  </datafield>
  <datafield tag="300" ind1=" " ind2=" ">
    <subfield code="a">232 p.</subfield>
  </datafield>
  <datafield tag="942" ind1=" " ind2=" ">
    <subfield code="c">BK</subfield>
  </datafield>
  <datafield tag="999" ind1=" " ind2=" ">
    <subfield code="c">89064</subfield>
    <subfield code="d">89064</subfield>
  </datafield>
  <datafield tag="952" ind1=" " ind2=" ">
    <subfield code="0">0</subfield>
    <subfield code="1">0</subfield>
    <subfield code="4">0</subfield>
    <subfield code="7">0</subfield>
    <subfield code="a">01</subfield>
    <subfield code="b">01</subfield>
    <subfield code="d">2016-12-05</subfield>
    <subfield code="l">0</subfield>
    <subfield code="o">MMC 909.83 INQ-</subfield>
    <subfield code="p">102862</subfield>
    <subfield code="r">2016-12-05 00:00:00</subfield>
    <subfield code="w">2016-12-05</subfield>
    <subfield code="y">BK</subfield>
  </datafield>
</record>
